Využívání komunikačních prostředků v manažmentu.
Požiadavky na kvalitu komunikácie. Základné komunikačné prostriedky používané v manažmente. Štruktúra používanej komunikácie. Podstata efektívnosti komunikácie manažérov. Osobné charakteristiky úspešnej komunikácie manažérov. Požiadavky na vedenie jednania. Prvky úspešnosti prejavu.
Salvato in:
| Autore principale: | |
|---|---|
| Natura: | Capitolo di libro |
| Lingua: | ceco |
| Soggetti: | |
| Tags: |
Nessun Tag, puoi essere il primo ad aggiungerne!!
|
MARC
| LEADER | 00000naa a2200000 4500 | ||
|---|---|---|---|
| 001 | r003265 | ||
| 005 | 20221125080903.7 | ||
| 041 | 0 | |a cze | |
| 044 | |a [CS] | ||
| 245 | 1 | 0 | |a Využívání komunikačních prostředků v manažmentu. |c B. Trhlíková |
| 520 | |a Požiadavky na kvalitu komunikácie. Základné komunikačné prostriedky používané v manažmente. Štruktúra používanej komunikácie. Podstata efektívnosti komunikácie manažérov. Osobné charakteristiky úspešnej komunikácie manažérov. Požiadavky na vedenie jednania. Prvky úspešnosti prejavu. | ||
| 610 | 2 | 0 | |a kvalita |
| 610 | 2 | 0 | |a komunikácia |
| 610 | 2 | 0 | |a manažment |
| 610 | 2 | 0 | |a štruktúra organizačná |
| 610 | 2 | 0 | |a efektívnosť |
| 100 | 1 | |a Trhlíková, Blanka | |